01398nam a2200313 a 4500999001700000005001700017008004100034015001700075040002400092041000800116044000700124082001800131100005400149245012000203260015500323300006400478504004300542650004500585650005500630650005000685650004100735700003400776700003400810700003300844700002700877942001500904949002300919952014200942 c20678d2067820191230122542.0081025s1995 ck b gr 00010 spa d ack-1995-xxxx aCO-BoBLA cCO-BoBLA aspa ack04a333.53 bM18c aMachado Cartagena, AbsalóneCoordinador910221000aCenso de minifundio en Colombia cAbsalón Machado Cartagena, Maritza Rodríguez R, Hernando Briceño M y otros.3 aSantafé de Bogotá : bMinisterio de Agricultura y Desarrollo Rural : bInstituto Interamericano de Cooperación para la Agricultura IICA, c1995. a163 páginas bmapas, tablas y gráficasc27.8 x 21.5 cm. aIncluye bibliografía. (página 121) 6aMinifundiosz Colombiax Censos.9102211 aTenencia de la tierraz Colombiax Censos.9102212 aUso de la tierraz Colombiax Censos.9102213 0aCORPESzRegiones de Colombia91022141 aRodríguez R Maritza91022151 aMartínez A Germán91022161 aBriceño M Hernando91022171 aToro N Alberto9102218 2ddccLIBRO ac bn 00102ddc40708GENERALaBogotabBogotad2019-12-30l0oLB-333.53 M18cp043961r2019-12-30 00:00:00tEj. 1w2019-12-30xDonacionyLIBRO